000
00334nam a2200133Ia 4500
008
240624s9999 xx 000 0 und d
041
_a
eng
082
_a
923 BLU
100
_a
BLUMENTHAL KAREN
245
_a
STEVE JOBS THE MAN WHO THOUGHT DIFFERENT
260
_c
2012
_a
New Delhi
_b
Bloomsbury
300
_a
310 : p.
365
_c
RS
_b
25
999
_c
19212
_d
19212